Top 10 Most Populated Countries - Statistics

General Stats
  • This quiz has been taken 48 times
  • The average score is 9 of 10
Answer Stats
Hint Answer % Correct
1.463 B India
100%
1.416 B China
98%
347 M United States of America
98%
255 M Pakistan
88%
214 M Brazil
85%
237 M Nigeria
85%
285 M Indonesia
83%
172 M Bangladesh
73%
146 M Russia
73%
132 M Mexico
68%
No matching quizzes found
Score Distribution
Percent of People with Each Score
Percentile by Number Answered
Your Score History
You have not taken this quiz